00304nam a2200097 4500020001500000082001500015100003400030245008000064260005300144300000900197 a9559408011 a633.85 NUT aCoconut Development Authority aProceedings of the symposium on nutrition and health aspects of coconut oil aNarahenpitabCocpnut Development Authorityc1996 a51 p